| 000 | 00896nam a2200253 i 4500 | ||
|---|---|---|---|
| 001 | 16761 | ||
| 003 | ES-MaACL | ||
| 005 | 20230906151407.0 | ||
| 007 | t| | ||
| 008 | 001102s2000 sp a |||| |dspa d | ||
| 020 | _a84-95011-27-1 | ||
| 080 | _a75 Díez Bustos, Carlos | ||
| 100 | 1 |
_aDíez Bustos, Carlos. _944683 |
|
| 245 | 1 | 0 |
_aFragmentos de un inventario / _cCarlos Díez Bustos. |
| 260 |
_a[Alcalá de Henares] : _bFundación Colegio del Rey, _c[2000] |
||
| 300 |
_a[34] p. : _bil. col. ; _c26 cm. |
||
| 500 | _aCátalogo de la exposición en la "Casa de la Entrevista", Alcalá de Henares, 9 de marzo - 9 de abril de 2000. | ||
| 600 | 1 | 4 |
_aDíez Bustos, Carlos- _vExposiciones. _944684 |
| 655 | 7 |
_2tgfbne _9193628 _aCatálogos de exposiciones |
|
| 710 | 2 |
_aFundación Colegio del Rey. _94254 |
|
| 852 |
_aES-MaACL _j2155-F-15 |
||
| 942 | _2udc | ||
| 999 |
_c16761 _d16761 |
||